Зловейшая тайна: роман; пер. с англ.

Bibliografiset tiedot
Päätekijä: Картленд Б. Барбара
Kieli:venäjä
Julkaistu: Москва, Эксмо, 2005
Aiheet:
Aineistotyyppi: Kirja
KOHA link:https://koha.lib.tpu.ru/cgi-bin/koha/opac-detail.pl?biblionumber=100470

MARC

LEADER 00000nam0a2200000 4500
001 100470
005 20231031112123.0
010 |a 5699155058 
010 |a 5-699-14455-2 
035 |a (RuTPU)RU\TPU\book\108115 
090 |a 100470 
100 |a 20060823d2005 m y0rusy50 ca 
101 1 |a rus  |c eng 
102 |a RU 
105 |a y z 000ay 
200 1 |a Зловейшая тайна  |e роман  |e пер. с англ.  |f Б. Картленд 
210 |a Москва  |c Эксмо  |d 2005 
215 |a 352 с. 
610 1 |a английская литература 
610 1 |a романы 
610 1 |a любовные романы 
675 |a 82  |v 3 
700 1 |a Картленд  |b Б.  |g Барбара 
801 1 |a RU  |b 63413507  |c 20060823  |g PSBO 
801 2 |a RU  |b 63413507  |c 20060828  |g PSBO 
942 |c BK